000 00851nam a22002417a 4500
005 20101213113044.0
008 101213t xxu||||| |||| 00| 0 eng d
010 _aENG-101787
020 _c325.00
_a9788120338494
035 _aEN-85320
037 _bDBAD / PUB
040 _adpl
_bEng
082 _a006.3
100 _aMishra, R.B.
_924733
245 1 _aArtificial Intelligence /
_cby R.B. Mishra
260 _aNew Delhi
_bPrentice-Hall of India
_c2011
270 _aM-97, Connaught Circus,
_bNew Delhi
_e110 001
300 _axxiii, 503p.
_c24cm (pbk)
500 _aIncludes biblographical references and index
700 _924734
942 _adpl
_cEN
_2ddc
_h006.3
_mMIS
999 _c49100
_d49100